000 00365nam a22001817a 4500
003 UA-OsUOA
001 5568
007 ta
008 20050721b un ||||| |||| 00| 0 ukr d
100 _aBassai
700 _aN. P.
700 _aPlachotnyk V. M
942 _cBK
040 _aUA-OsUOA
_cUA-OsUOA
_dUA-OsUOA
245 _aDeutsch 5
955 _a2
650 7 _2UDC
999 _c291730
_d291730